Наставление по производству топографических работ. Вып. 2: Инструментальная мензульная съемка в масштабе 1:100000 (Запись № 13608432)

Подробности
000 -МАРКЕР
контрольное поле 01274nam2a2200253 4500
001 - ИДЕНТИФИКАТОР ЗАПИСИ
контрольное поле rc\2974774
005 - ИДЕНТИФИКАТОР ВЕРСИИ
контрольное поле 20260315061832.0
035 ## - ДРУГИЕ СИСТЕМНЫЕ НОМЕРА
Идентификатор записи (NLR Aleph) 007120523
100 ## - ДАННЫЕ ОБЩЕЙ ОБРАБОТКИ
Данные общей обработки 20110908d1936 u y0rusy50 ca
101 0# - ЯЗЫК РЕСУРСА
Язык текста, звукозаписи и т.д. русский
102 ## - СТРАНА ПУБЛИКАЦИИ ИЛИ ПРОИЗВОДСТВА
Страна публикации Российская Федерация
105 ## - ПОЛЕ КОДИРОВАННЫХ ДАННЫХ: ТЕКСТОВЫЕ МАТЕРИАЛЫ, МОНОГРАФИЧЕСКИЕ
Кодированные данные о монографическом текстовом документе a z |||||
200 1# - ЗАГЛАВИЕ И СВЕДЕНИЯ ОБ ОТВЕТСТВЕННОСТИ
Основное заглавие Инструментальная мензульная съемка в масштабе 1:100000
210 ## - ПУБЛИКАЦИЯ, РАСПРОСТРАНЕНИЕ И ДР.
Дата издания, распространения и т.д. 1936
215 ## - ФИЗИЧЕСКАЯ ХАРАКТЕРИСТИКА
Специфическое обозначение материала и объем Обл., 118 с.
Другие сведения о физической характеристике ил.
300 ## - ОБЩИЕ ПРИМЕЧАНИЯ
Текст примечания На обороте тит. л: "Сост. К.В. Исаков"
461 #0 - УРОВЕНЬ НАБОРА
Встроенное поле 001rc\2974773
-- 2001#$aНаставление по производству топографических работ$eВып. 2-$fОтд. воен.-топографич. службы Генерального штаба РККА$vВып. 2
Системный номер (АБИС) связанной записи 6858156
Место публикации Москва
Дата публикации 1936
Первые сведения об ответственности Отд. воен.-топографич. службы Генерального штаба РККА
Имя издателя, распространителя и т.д. Отд. Изд-ва Нар. ком. обороны СССР
Сведения, относящиеся к заглавию Вып. 2-
Заглавие Наставление по производству топографических работ
Номер тома Вып. 2
702 #1 - ИМЯ ЛИЦА - ВТОРИЧНАЯ ОТВЕТСТВЕННОСТЬ
Начальный элемент ввода Исаков
Часть имени, кроме начального элемента ввода К.В.
Код отношения Составитель
801 #0 - ИСТОЧНИК ЗАПИСИ
Страна Российская Федерация
Организация NLR
Правила каталогизации psbo
801 #1 - ИСТОЧНИК ЗАПИСИ
Страна Российская Федерация
Организация ELAR
Источник данных rusmarc
852 ## - МЕСТОНАХОЖДЕНИЕ И ШИФР ХРАНЕНИЯ
Идентификатор организации NLR
Шифр хранения (Call Number) 34-18/913(2)
942 ## - ДОПОЛНИТЕЛЬНЫЕ ЭЛЕМЕНТЫ ЗАПИСИ (АБИС)
Тип экземпляра АБИС Неопределено
980 ## - КОЛЛЕКЦИЯ
Название коллекции Национальная библиография

Нет доступных экземпляров.